| 000 | 01079nam a2200301 a 4500 | ||
|---|---|---|---|
| 003 | AR-BaBNM | ||
| 005 | 20251128210520.0 | ||
| 008 | 082120s2002 ||||||||||||||000 | spa|| | ||
| 020 | _a84-7960-010-1 | ||
| 040 | _cAR-BaBNM | ||
| 245 | 0 | 0 |
_aPolítica investigadora de la época de Carlos III en el área maya. Descubrimiento de Palenque y primeras excavaciones de carácter científico, según documentación de _bCalderón, Bernasconi, Del Río y otros |
| 260 |
_aMadrid _bEdiciones de la Torre _c1992 |
||
| 300 |
_a158 p. _bláms., mapas |
||
| 490 | 0 |
_aNuestro mundo. Arte y cultura _vv. 21 |
|
| 500 | _aContiene referencias bibliográficas | ||
| 650 | 4 | _aHISTORIA LATINOAMERICANA | |
| 650 | 4 | _aARQUEOLOGIA | |
| 650 | 4 | _aEXCAVACIONES ARQUEOLOGICAS | |
| 650 | 4 | _aINTERPRETACION ARQUEOLOGICA | |
| 650 | 4 | _aOBJETOS ARQUEOLOGICOS | |
| 650 | 4 | _aTRABAJO ARQUEOLOGICO SOBRE EL TERRENO | |
| 650 | 4 | _aABORIGENES | |
| 650 | 4 | _aCIVILIZACIONES ANTIGUAS | |
| 650 | 4 | _aESTUDIOS CULTURALES | |
| 700 | 1 |
_aCabello Carro, Paz _ecolaborador |
|
| 942 | _cBK | ||
| 998 | _cMariana | ||
| 999 |
_c15765 _d15765 |
||